La Sociología en la Medicina /

Guardado en:
Detalles Bibliográficos
Autor principal: Susser, Mervyn Wilfred (autor)
Otros autores: Watson, William (autor) (autor)
Formato: Libro
Idioma:Español
Colección:(Salud y Seguridad Social. Manuales Básicos y Estudios)
Temas:
Etiquetas: Agrega una etiqueta
Sin etiquetas, Sé el primero en etiquetar este registro!

MARC

LEADER 00000nam^a2200000^a^4500
001 000073381
005 20250521000000.0
009 20260526120554.928
020 |a 968-824-173-3 
037 |a Acervo ITESO - Biblioteca 
041 |a ESP 
082 |a 614.  |b SUS 
100 |a Susser, Mervyn Wilfred  |e (autor) 
245 1 3 |a La Sociología en la Medicina /  |c M.W. Susser, W. Watson ; tr. por Enrique Estrada. 
264 |a México :  |b Instituto Mexicano del Seguro Social,  |c 1982 
300 |a 643 p. 
336 |a texto  |b txt  |2 rdacontenido 
337 |a sin mediación  |b n  |2 rdamedio 
338 |a volumen  |b nc  |2 rdasoporte 
440 1 |a (Salud y Seguridad Social.  |p Manuales Básicos y Estudios) 
500 |a Traducción de: Sociology in Medicine 
649 |a XX 
650 |a Ciencias Médicas 
650 |a Morbilidad 
650 |a Sociología de la Cultura 
650 |a Medicina Social 
700 |a Watson, William  |e (autor) 
910 |a Fondo Armando Suárez Gómez 
920 |a Impresos - Libros 
930 |a Fondos Especiales 
905 |a 111 
901 |a 0700005270  |b IT2  |c ESP  |u 20250521 
902 |a https://opac.biblio.iteso.mx/vufind/Record/000073381